[Event "Barcelona Sant Marti op-B 15th"]
[Site "Barcelona"]
[Date "2013.07.19"]
[Round "7"]
[White "Palomero Galvez, Antonio"]
[Black "Aparicio Escudero, Hector F"]
[Result "0-1"]
[WhiteElo "1625"]
[BlackElo "1747"]
[PlyCount "62"]
[EventDate "2013.07.13"]
[EventType "swiss"]
[EventRounds "9"]
[EventCountry "ESP"]
[SourceTitle "CBM 155 Extra"]
[Source "ChessBase"]
[SourceDate "2013.08.26"]
[SourceVersion "1"]
[SourceVersionDate "2013.08.26"]
[SourceQuality "1"]

1. d4 Nf6 2. c4 e6 3. Nc3 Bb4 4. Qc2 c5 5. a3 Bxc3+ 6. bxc3 Nc6 7. Nf3 Qa5 8. Bd2 0-0 9. e4 d6 10. Bd3 e5 11. d5 Ne7 12. Bg5 Ng6 13. Bxf6 gxf6 14. g3 Bh3 15. Bf1 Bxf1 16. Kxf1 Qa6 17. Qe2 Kh8 18. h4 Rg8 19. h5 Ne7 20. Nh4 b6 21. Kg2 Qc8 22. f3 Qd7 23. Rh3 Rg5 24. g4 f5 25. exf5 Nxf5 26. Kh2 Nxh4 27. Rxh4 f5 28. f4 exf4 29. Qe6 Qg7 30. gxf5 Rg8 31. h6 Rg2+ 0-1

[Event "Barcelona Sant Marti op-B 15th"]
[Site "Barcelona"]
[Date "2013.07.16"]
[Round "4"]
[White "Aparicio Escudero, Hector F"]
[Black "Maria Oproae, Alex Maria"]
[Result "1/2-1/2"]
[WhiteElo "1747"]
[BlackElo "1415"]
[PlyCount "56"]
[EventDate "2013.07.13"]
[EventType "swiss"]
[EventRounds "9"]
[EventCountry "ESP"]
[SourceTitle "CBM 155 Extra"]
[Source "ChessBase"]
[SourceDate "2013.08.26"]
[SourceVersion "1"]
[SourceVersionDate "2013.08.26"]
[SourceQuality "1"]

1. Nf3 Nc6 2. d4 d5 3. g3 g6 4. Bg2 Bg7 5. c3 Nf6 6. 0-0 0-0 7. Nbd2 Bf5 8. Nh4 Be6 9. Re1 Qd7 10. b3 Rad8 11. Ba3 b5 12. Bc5 a5 13. a4 b4 14. cxb4 Nxb4 15. Bxb4 axb4 16. Rc1 Ne4 17. Nxe4 dxe4 18. Bxe4 Bxd4 19. Qc2 c5 20. Red1 f5 21. Bh1 Qe8 22. e3 Bc3 23. Rxd8 Qxd8 24. Rd1 Qe8 25. Bd5 Bxd5 26. Rxd5 Qc6 27. Qd1 Qc7 28. Rd7 Qe5 1/2-1/2

[Event "Barcelona Sant Marti op-B 15th"]
[Site "Barcelona"]
[Date "2013.07.14"]
[Round "2"]
[White "Aparicio Escudero, Hector F"]
[Black "Baum, Jonasz"]
[Result "1/2-1/2"]
[WhiteElo "1747"]
[BlackElo "1512"]
[PlyCount "87"]
[EventDate "2013.07.13"]
[EventType "swiss"]
[EventRounds "9"]
[EventCountry "ESP"]
[SourceTitle "CBM 155 Extra"]
[Source "ChessBase"]
[SourceDate "2013.08.26"]
[SourceVersion "1"]
[SourceVersionDate "2013.08.26"]
[SourceQuality "1"]

1. e4 e5 2. Nf3 Nc6 3. d4 exd4 4. Bc4 Nf6 5. e5 d5 6. Bb5 Ne4 7. 0-0 Bd7 8. Bxc6 bxc6 9. Qxd4 Bc5 10. Qa4 f6 11. e6 Bxe6 12. Qxc6+ Kf7 13. Nc3 Nxc3 14. Qxc5 Ne2+ 15. Kh1 Nxc1 16. Raxc1 Qe7 17. Qe3 Rhe8 18. Rfe1 Qb4 19. Qd4 Qxd4 20. Nxd4 Bd7 21. h3 c5 22. Nf3 Rxe1+ 23. Rxe1 Re8 24. Rxe8 Kxe8 25. c3 Bf5 26. Kh2 Bb1 27. a3 Kd7 28. Kg3 Kc6 29. Nd2 Bc2 30. Kf3 d4 31. cxd4 cxd4 32. Kf4 Kd5 33. h4 g6 34. g4 h6 35. Kg3 g5 36. hxg5 hxg5 37. Kf3 a6 38. Kg3 d3 39. Kf3 Kd4 40. Kg2 Bd1 41. Kh3 Ba4 42. Kg3 Bd7 43. Kf3 Bc6+ 44. Kg3 1/2-1/2